00441nam a22001337a 4500008004100000041000800041080000800049100000600057101000800063245009600071942001200167999001700179952011100196181012b xxu||||| |||| 00| 0 eng d aeng a617 a8 aORT aThe Story of Orthopaedics and the Care of the Crippled Child in South AfricacDommisse, G.F 2udccBK c49509d49509 00102udc40708PËKGa002b002cPËKGd2018-10-12l0o617 DOMp002-3015314r2018-10-12w2018-10-12yBK